Possibilités d'utilisation de nouveaux modèles d'affaires destinés à certaines communautés dans le processus de l'inclusion sociale
Sociálne inovácie a sociálne podniky. Sociálne podniky ako príležitosť pre nové obchodné modely. Charakteristika obchodného modelu typu TBLBMC (triple bottom line business model canvas) na príklade občianskeho združenia "CSF - Cuisine sans frontières" (kuchyňa bez hraníc) na ekonomickej, environment...
Salvato in:
| Autore principale: | |
|---|---|
| Altri autori: | , , , |
| Natura: | Capitolo di libro |
| Lingua: | francese |
| Soggetti: | |
| Tags: |
Nessun Tag, puoi essere il primo ad aggiungerne!!
|
MARC
| LEADER | 00000naa$a2200000$$$4500 | ||
|---|---|---|---|
| 001 | 0236330 | ||
| 005 | 20240502083630.3 | ||
| 041 | 0 | |a fre | |
| 044 | |a MA | ||
| 245 | 1 | 0 | |a Possibilités d'utilisation de nouveaux modèles d'affaires destinés à certaines communautés dans le processus de l'inclusion sociale |c Jaroslav Kita, Ladislav Lapsansky, Ferdinand Dano, Pavol Konstiak, Peter Kita |
| 520 | |a Sociálne inovácie a sociálne podniky. Sociálne podniky ako príležitosť pre nové obchodné modely. Charakteristika obchodného modelu typu TBLBMC (triple bottom line business model canvas) na príklade občianskeho združenia "CSF - Cuisine sans frontières" (kuchyňa bez hraníc) na ekonomickej, environmentálnej a sociálnej úrovni. | ||
| 610 | 2 | 0 | |a inovácie sociálne |
| 610 | 2 | 0 | |a podnik sociálny |
| 610 | 2 | 0 | |a začlenenie sociálne |
| 610 | 2 | 0 | |a distribúcia |
| 610 | 2 | 0 | |a Slovensko |
| 610 | 2 | 0 | |a Francúzsko |
| 610 | 2 | 0 | |a Európska únia |
| 100 | 1 | |a Kita, Jaroslav | |
| 700 | 1 | |a Lapšanský, Ladislav | |
| 700 | 1 | |a Daňo, Ferdinand, 1959- | |
| 700 | 1 | |a Konštiak, Pavol | |
| 700 | 1 | |a Kita, Peter | |